Энергосбережение.Технологические процессы производства теплоизоляционных материалов; Нормативы расхода котельно-печного топлива, тепловой и электрической энергии. Рекомендации по стандартизации Р 50-605-99-94

التفاصيل البيبلوغرافية
اللغة:الروسية
منشور في: Москва, Издательство стандартов, 1996
الطبعة:Изд. офиц.
سلاسل:Рекомендации по стандартизации
الموضوعات:
التنسيق: كتاب
KOHA link:https://koha.lib.tpu.ru/cgi-bin/koha/opac-detail.pl?biblionumber=144876

MARC

LEADER 00000nam0a2200000 4500
001 144876
005 20231031143848.0
029 1 0 |a RU  |b 50-605-99-94  |c Р 
035 |a (RuTPU)RU\TPU\book\157028 
035 |a RU\TPU\book\157026 
090 |a 144876 
100 |a 20081009d1996 k a0rusy50 ca 
101 0 |a rus 
102 |a RU 
105 |a y l 000zy 
200 1 |a Энергосбережение.Технологические процессы производства теплоизоляционных материалов  |a Нормативы расхода котельно-печного топлива, тепловой и электрической энергии. Рекомендации по стандартизации Р 50-605-99-94 
205 |a Изд. офиц. 
210 |a Москва  |c Издательство стандартов  |d 1996 
215 |a 7 с. 
225 1 |a Рекомендации по стандартизации 
229 |a Утверждены приказом от 10.06.94 г. № 29 директора ВНИИстандарт. Введены впервые 
610 1 |a рекомендации 
610 1 |a стандартизация 
610 1 |a энергосбережение 
610 1 |a технологические процессы 
610 1 |a производство 
610 1 |a теплоизоляционные материалы 
610 1 |a нормативы 
610 1 |a котельное топливо 
610 1 |a печное топливо 
610 1 |a тепловая энергия 
610 1 |a электрическая энергия 
610 1 |a расход 
610 1 |a минеральная вата 
610 1 |a ресурсы 
675 |a 69(083)  |v 3 
801 1 |a RU  |b 63413507  |c 20080619  |g PSBO 
801 2 |a RU  |b 63413507  |c 20221207  |g PSBO 
942 |c BK